000 00588nas a22002057a 4500
005 20240305165403.0
007 cr|||| ||||
008 130218c20109999xxuzu|p s|||| 0|||b eng d
035 _a5019
040 _avLex
090 _c3681
_d3681
245 0 0 _aBolivia Articles in English
_h[Recurso electrónico]
256 _aServicio en línea
260 _a[s.l. :
_bs.n.],
_c2010
300 _a1 Recurso electrónico
650 0 4 _aDerecho
_zBolivia
740 _avLex Revistas (Servicio en línea)
856 _aAcceso restringido
_uhttp://www.vlex.com/source/5019
942 _cRAA
999 _c162065
_d162065